Spécialités des villes de Lorraine - Statistiques

Statistiques générales
  • Ce quiz a été pris 125 fois
  • Le résultat moyen est 7 sur 12
Statistiques - réponses
Hint Réponse % Correct
Eau minérale Vittel
95%
Cristal Baccarat
90%
Madeleine Commercy
90%
Imprimerie Épinal
59%
Vin gris Toul
58%
Montgolfière Chambley
56%
Émail Longwy
53%
Sel Marsal
47%
Dragée Verdun
46%
Confiture de groseille Bar-le-Duc
40%
Macaron Boulay-Moselle
38%
Tomme Gorze
31%
Aucun quiz correspondant
Distribution des résultats
% des personnes avec chaque résultat
Percentile par nombre de réponses
Votre historique - résultats
Vous n’avez pas pris ce quiz